De 7 Wereldwonderen van de Oudheid - Statistieken

Algemene statistieken
  • Deze quiz is 1.655 keer genomen
  • De gemiddelde score is 3 van 7
Antwoordstatistieken
Antiek Wereldwonder % Correct
Grote {Piramide} van Gizeh
96%
Beeld van {Zeus} te Olympia
57%
{Hangende} {Tuinen} van Babylon
57%
{Pharos} van Alexandrië
40%
{Kolos} van Rhodos
33%
Tempel van {Artemis} in Efeze
23%
{Mausoleum} van Halicarnassus
19%
Geen overeenkomende quizzen gevonden
Scoreverdeling
Procent van Mensen met Elke Score
Percentiel versus Aantal Correcte Antwoorden
Uw Scoregeschiedenis
U heeft deze quiz nog niet genomen